Statistics for Largest Cities in the UK

Click here to take the quiz!

General Stats

  • This quiz has been taken 50 times
    (44 since last reset)
  • The average score is 7 of 8

Answer Stats

City Population % Correct
London8,674,000
100%
Manchester2,756,000
100%
Liverpool1,525,000
95%
Birmingham2,834,000
90%
Glasgow1,804,000
90%
Edinburgh1,350,000
83%
Cardiff1,505,000
78%
Sheffield1,375,000
65%

Score Distribution

Percentile by Number Answered

Percent of People with Each Score

Your Score History

You have not taken this quiz since the last reset